[Event "XIV Salona GM"]
[Site "Solin CRO"]
[Date "2006.11.25"]
[Round "2"]
[White "Romanishin,O"]
[Black "Movsesian,S"]
[Result "1/2-1/2"]
[WhiteElo "2542"]
[BlackElo "2637"]

1.d4 d5 2.Nf3 Nf6 3.c4 c6 4.Nc3 a6 5.g3 dxc4 6.Bg2 b5 7.O-O Bb7 8.Ne5 e6
9.a4 Qc8 10.Bg5 Nbd7 11.Nxd7 Nxd7 12.e4 h6 13.Be3 Be7 14.e5 O-O 15.Qg4 Kh8  1/2-1/2

[Event "XIV Salona GM"]
[Site "Solin CRO"]
[Date "2006.11.26"]
[Round "3"]
[White "Movsesian,S"]
[Black "Georgiev,Vl"]
[Result "1/2-1/2"]
[WhiteElo "2637"]
[BlackElo "2532"]

1.e4 e5 2.Nf3 Nc6 3.Bb5 a6 4.Ba4 Nf6 5.d3 Bc5 6.Nc3 d6 7.Nd5 Nxd5 8.exd5 b5
9.dxc6 bxa4 10.c3 Qf6 11.O-O Bg4 12.d4 Bxf3 13.Qxf3 Qxf3 14.gxf3 exd4 15.Re1+ Kd8
16.cxd4 Bxd4 17.Re4 Bf6 18.Rxa4 Re8 19.Be3 Bxb2 20.Rb1 Bf6 21.f4 Re6 22.Rab4 Rc8
23.Ra4 Ra8 24.Rab4 Rc8 25.Ra4  1/2-1/2

[Event "XIV Salona GM"]
[Site "Solin CRO"]
[Date "2006.11.28"]
[Round "5"]
[White "Movsesian,S"]
[Black "Paehtz,E"]
[Result "1-0"]
[WhiteElo "2637"]
[BlackElo "2449"]

1.e4 c5 2.d3 g6 3.g3 Bg7 4.Bg2 Nc6 5.f4 d6 6.Nf3 e6 7.O-O Nge7 8.c3 O-O 9.Be3 b5
10.Bf2 Rb8 11.d4 cxd4 12.cxd4 b4 13.Nbd2 a5 14.Re1 Ba6 15.e5 b3 16.axb3 d5
17.Re3 Qb6 18.Rc3 Nb4 19.Nf1 Rfc8 20.Ne1 f5 21.exf6 Bxf6 22.g4 Bg7 23.Be3 Nbc6
24.Nf3 Na7 25.Ng3 Rxc3 26.bxc3 Nac6 27.Nd2 Rf8 28.Qe1 Qc7 29.Nf3 Qb6 30.Ra3 Bc8
31.h4 Bd7 32.h5 a4 33.bxa4 Na5 34.Ra1 Qb3 35.Bc1 Qc2 36.Ba3 Rxf4 37.Bxe7 Nb3
38.Ra3 Nc1 39.Qd2 Qb1 40.Kh2 Rxg4 41.h6 Qb8 42.Ne5 Bxe5 43.dxe5 Qxe5 44.c4 Rxc4
45.Rf3  1-0

[Event "XIV Salona GM"]
[Site "Solin CRO"]
[Date "2006.11.29"]
[Round "6"]
[White "Movsesian,S"]
[Black "Stefanova,A"]
[Result "1-0"]
[WhiteElo "2637"]
[BlackElo "2489"]

1.d4 d5 2.c4 c6 3.Nc3 dxc4 4.e4 b5 5.a4 b4 6.Na2 Nf6 7.e5 Nd5 8.Bxc4 e6 9.Nf3 Be7
10.O-O a5 11.Bd2 Ba6 12.Qe2 Bxc4 13.Qxc4 Nb6 14.Qc2 Qd5 15.Nc1 N8d7 16.Nd3 c5
17.Nf4 Qb7 18.dxc5 Rc8 19.Nh5 g6 20.Ng7+ Kf8 21.Bh6 Kg8 22.Rfd1 Bxc5 23.Qd2 Bf8
24.Nh5 Bxh6 25.Qxh6 gxh5 26.Rac1 Nd5 27.Rxc8+ Qxc8 28.Qg5+ Kf8 29.Rc1 Qa8
30.Qh6+ Ke8 31.Qg7 Rf8 32.Nd4 h6 33.Nb5 Ke7 34.Nd6 Qa6 35.Qxh6 Nxe5 36.Nf5+ Ke8
37.h3 Ng6 38.Rc8+ Qxc8 39.Nd6+ Kd7 40.Nxc8 Rxc8 41.Qxh5 Rc1+ 42.Kh2 Rc2 43.Qf3 Ke7
44.h4 Rxb2 45.h5 Ne5 46.Qe4 Nf6 47.Qb7+ Ned7 48.Qb5 Ng4+ 49.Kg3 Nxf2 50.h6 Ne4+
51.Kh2 Nef6 52.Qxa5 e5 53.Kh3 Rb1 54.g4 Ne4 55.Kg2 Rb2+ 56.Kf3 Ng5+ 57.Kg3 f6
58.Qd5 e4 59.Qf5 Rb3+ 60.Kg2 Rh3 61.Qb5 Rxh6 62.Qxb4+ Ke6 63.a5 Rh8 64.a6 Ne5
65.Qb6+ Kf7 66.a7 Nxg4 67.Qb8 Ne3+ 68.Kf2 Nd1+ 69.Ke1 Rh1+ 70.Ke2 Nc3+ 71.Kd2 Nd5
72.a8=Q Nf3+ 73.Kc2 Ne3+ 74.Kb2 Nc4+ 75.Ka2 Rh2+ 76.Qxh2 Nxh2 77.Qxe4 Ne5
78.Qh7+ Ke6 79.Qxh2 f5 80.Kb3 Ng6 81.Kc3 Kf6 82.Kd4 Kg5 83.Qg2+ Kf6 84.Qg3  1-0

[Event "GM"]
[Site "Ostrava CZE"]
[Date "2007.05.04"]
[Round "6"]
[White "Laznicka,V"]
[Black "Movsesian,S"]
[Result "1/2-1/2"]
[WhiteElo "2608"]
[BlackElo "2642"]

1.d4 Nf6 2.c4 d6 3.Nc3 e5 4.Nf3 e4 5.Nd2 Bf5 6.g4 Bxg4 7.Ndxe4 Nxe4 8.Nxe4 Be7
9.Rg1 Bf5 10.Ng3 Bg6 11.Bg2 c6 12.e4 Bh4 13.Be3 O-O 14.Qg4 Bxg3 15.Qxg3 d5
16.h4 dxe4 17.Bxe4 Nd7 18.h5 Qa5+ 19.Bd2 Qxh5 20.Rh1 Rae8 21.Rxh5 Rxe4+ 22.Kf1 Bxh5
23.Re1 Nf6 24.Rxe4 Nxe4 25.Qf4 Bg6 26.Bb4 Rc8 27.Be7 h6 28.d5 cxd5 29.cxd5 Rc2
30.d6 Nc5 31.Qg4 Rc1+ 32.Ke2 Bd3+ 33.Kd2 Rc2+ 34.Ke3 Re2+ 35.Kf3 Re6 36.Qd4 Be4+
37.Kg3 Nd7 38.Qxa7 Bc6 39.b4 Rg6+ 40.Kf4 h5 41.b5 Rg4+ 42.Ke3 Re4+ 43.Kd2 Bd5
44.Qa8+ Kh7 45.Qc8 Rd4+ 46.Ke3 Re4+ 47.Kd2 Rd4+ 48.Ke2 Re4+ 49.Kf1 Bc4+ 50.Kg2 Rg4+
51.Kh2 Bxb5 52.Qxb7 Ne5 53.f3 Bc6 54.Qxc6 Nxc6 55.fxg4 hxg4 56.d7 Kg6 57.a4 Kf5
58.a5 Ke6 59.d8=Q Nxd8 60.Bxd8 Kd7 61.a6 Kc8  1/2-1/2

[Event "TCh-BIH"]
[Site "Vogosca BIH"]
[Date "2007.06.04"]
[Round "3"]
[White "Gyimesi,Z"]
[Black "Movsesian,S"]
[Result "1/2-1/2"]
[WhiteElo "2617"]
[BlackElo "2642"]

1.d4 Nf6 2.c4 e6 3.Nf3 d5 4.Nc3 Bb4 5.cxd5 exd5 6.Bg5 O-O 7.Rc1 Nbd7 8.a3 Bxc3+
9.Rxc3 h6 10.Bh4 g5 11.Bg3 Ne4 12.Rc1 c6 13.Nd2 Ndf6 14.e3 Nxd2 15.Qxd2 Ne4
16.Qb4 a5 17.Qb3 Kg7 18.Bd3 Nxg3 19.hxg3 Qd6 20.Qc2 f5 21.f4 g4 22.Kf2 Bd7
23.Rh5 Qe6 24.Qd2  1/2-1/2

[Event "TCh-BIH"]
[Site "Vogosca BIH"]
[Date "2007.06.08"]
[Round "7"]
[White "Milanovic,Da"]
[Black "Movsesian,S"]
[Result "0-1"]
[WhiteElo "2493"]
[BlackElo "2642"]

1.d4 Nf6 2.c4 e6 3.Nc3 Bb4 4.e3 d5 5.cxd5 exd5 6.Bd3 O-O 7.Ne2 Re8 8.O-O b6
9.f3 Bb7 10.Bd2 Bd6 11.Qe1 c5 12.Rd1 Nc6 13.Qf2 Nb4 14.Bb1 Ba6 15.Bc1 Qc7
16.g3 Rad8 17.Rfe1 h6 18.Kh1 Nc6 19.Rg1 Re7 20.g4 cxd4 21.exd4 Bxh2 22.Rg2 Rde8
23.Bd3 Bxd3 24.Rxd3 Bd6 25.g5 Nh5 26.Nxd5 Rxe2 27.Nxc7 Bxc7 28.Qxe2 Rxe2
29.Rc3 Re1+  0-1

[Event "ch-SVK"]
[Site "Banska Stiavnica SVK"]
[Date "2007.07.07"]
[Round "1"]
[White "Movsesian,S"]
[Black "Manik,M"]
[Result "1-0"]
[WhiteElo "2667"]
[BlackElo "2457"]

1.e4 e5 2.Nf3 Nc6 3.Bc4 Bc5 4.c3 Nf6 5.d3 d6 6.Bb3 O-O 7.h3 h6 8.Nbd2 Re8
9.Qe2 d5 10.exd5 Nxd5 11.Ne4 Be7 12.g4 Na5 13.Ba4 c6 14.Bc2 f5 15.gxf5 Bxf5
16.Rg1 Nf4 17.Bxf4 exf4 18.Nd4 Qd7 19.Qh5 Bg5  1-0

[Event "ch-SVK"]
[Site "Banska Stiavnica SVK"]
[Date "2007.07.09"]
[Round "3"]
[White "Movsesian,S"]
[Black "Petrik,T"]
[Result "1-0"]
[WhiteElo "2667"]
[BlackElo "2479"]

1.e4 e6 2.d4 d5 3.Nc3 Bb4 4.e5 Ne7 5.a3 Bxc3+ 6.bxc3 c5 7.Qg4 O-O 8.Bd3 Nbc6
9.Qh5 Ng6 10.Nf3 Qc7 11.Be3 Nce7 12.h4 Bd7 13.Qg4 f5 14.Qh3 cxd4 15.cxd4 Bb5
16.Bxb5 Qa5+ 17.Bd2 Qxb5 18.h5 Nh8 19.h6 g6 20.Bb4 Rfe8 21.Qh4 Qd7 22.Qf6 Nc6
23.Ng5 Nxb4 24.axb4 Qe7 25.Qg7+ Qxg7 26.hxg7 Nf7 27.Nxh7 Kxg7 28.Nf6 Red8
29.Rh7+ Kf8 30.f4 Rdc8 31.Kd2 Rc7 32.c3 a6 33.Rah1 Rac8 34.R1h3 g5 35.g4 fxg4
36.Rg3 b6 37.fxg5 Nxg5 38.Rxc7 Rxc7 39.Rxg4 Nh7 40.Rg8+ Kf7 41.Rg7+ Kxg7
42.Ne8+ Kf7 43.Nxc7 Ke7 44.Nxa6 Kd7 45.b5 Ng5 46.Nb4 Ne4+ 47.Kc2 Nf2 48.Nd3 Ne4
49.Nb2 Ng3 50.Kd3 Nh5 51.Ke3 Ng3 52.Na4 Kc7 53.Kf4 Ne4 54.c4 Kd8 55.cxd5 exd5
56.Nxb6 Nc3 57.e6 Nxb5 58.Ke5 Na7 59.Nxd5 Nc6+ 60.Kd6  1-0

[Event "ch-SVK"]
[Site "Banska Stiavnica SVK"]
[Date "2007.07.10"]
[Round "4"]
[White "Movsesian,S"]
[Black "Meszaros,Mi"]
[Result "1-0"]
[WhiteElo "2667"]
[BlackElo "2359"]

1.d4 d5 2.c4 c6 3.Nf3 Nf6 4.Nc3 a6 5.c5 Nbd7 6.Bf4 Nh5 7.Bd2 Nhf6 8.Qc2 g6
9.g3 Bg7 10.Bg2 O-O 11.O-O Re8 12.Rad1 e5 13.dxe5 Ng4 14.e4 Nxc5 15.Bf4 Nxe5
16.Nxe5 Bxe5 17.Bxe5 Rxe5 18.Nxd5 Bg4 19.f3 Nxe4 20.Nf4 Qb6+ 21.Kh1 Nf6 22.fxg4 Nxg4
23.Rd7 Ne3 24.Qf2 Rd8 25.Nxg6  1-0

[Event "ch-SVK"]
[Site "Banska Stiavnica SVK"]
[Date "2007.07.13"]
[Round "7"]
[White "Rigo,Z"]
[Black "Movsesian,S"]
[Result "0-1"]
[WhiteElo "2410"]
[BlackElo "2667"]

1.e4 c6 2.Nc3 d5 3.Nf3 Bg4 4.h3 Bxf3 5.Qxf3 e6 6.g3 Nd7 7.Bg2 g6 8.d4 Bg7
9.Ne2 Ne7 10.O-O O-O 11.Rd1 Qb6 12.Qb3 Rfe8 13.c3 Nf6 14.e5 Nd7 15.g4 c5
16.Be3 Nc6 17.f4 Na5 18.Qxb6 axb6 19.b3 Bf8 20.dxc5 bxc5 21.c4 d4 22.Bd2 Nc6
23.a4 g5 24.fxg5 Ndxe5 25.Ng3 Be7 26.Rf1 d3 27.Rae1 Ng6 28.Bxc6 bxc6 29.Ne4 Reb8
30.Rb1 Ra7 31.Be3 Rab7 32.Nd2 e5 33.Kf2 Nf8 34.Kf3 Ne6 35.h4 Bd8 36.Rfd1 Ba5
37.Ne4 Rxb3 38.Rxb3 Rxb3 39.Nf6+ Kg7 40.Bd2 Bb4 41.Nd7 Rb2 42.Be3 Nd4+ 43.Bxd4 exd4
44.Rxd3 Ra2 45.Ne5 Rxa4 46.Ke4 Be1 47.h5 Ra2 48.h6+ Kf8 49.Nxc6 Re2+ 50.Kd5 Re3
51.Rd1 d3 52.Ne5 d2 53.Ra1 Bg3 54.Ra8+ Ke7 55.Nc6+ Kd7 56.Rd8+ Kc7 57.Kxc5 Re5+
58.Kb4 Kxc6  0-1

[Event "ch-SVK"]
[Site "Banska Stiavnica SVK"]
[Date "2007.07.14"]
[Round "8"]
[White "Movsesian,S"]
[Black "Pinter,E"]
[Result "1-0"]
[WhiteElo "2667"]
[BlackElo "2402"]

1.e4 c5 2.d3 Nc6 3.g3 g6 4.Bg2 Bg7 5.f4 d6 6.Nf3 e5 7.O-O Nge7 8.Nh4 exf4
9.gxf4 f5 10.c3 O-O 11.Nd2 Kh8 12.Ndf3 fxe4 13.dxe4 d5 14.e5 Bg4 15.Qe1 Qd7
16.Ng5 Nd8 17.Be3 d4 18.cxd4 cxd4 19.Bd2 d3 20.Qg3 Rc8 21.Bb4 Ndc6 22.Bd6 Nd4
23.Qxd3 Ne2+ 24.Kh1 Nxf4 25.Qg3 Nxg2 26.Nxg2 Rxf1+ 27.Rxf1 Be2 28.Re1 Nf5
29.Qf4 Nxd6 30.e6 Qb5 31.Qxd6 Qxg5 32.Rxe2 Rc1+ 33.Ne1 Qf6 34.Kg2 Bf8 35.Qd2 Rc6
36.Rf2 Qe7 37.Rf7 Qc5 38.Qd8 Rc8 39.e7 Qg5+ 40.Kh1 Rxd8 41.Rxf8+ Rxf8 42.exf8=Q+  1-0

[Event "Synthesia Rapid Open"]
[Site "Pardubice CZE"]
[Date "2007.07.18"]
[Round "4"]
[White "Zakhartsov,V"]
[Black "Movsesian,S"]
[Result "1/2-1/2"]
[WhiteElo "2559"]
[BlackElo "2667"]

1.d4 Nf6 2.c4 e6 3.Nf3 d5 4.Nc3 Bb4 5.Bg5 O-O 6.Qb3 c5 7.cxd5 exd5 8.a3 Bxc3+
9.Qxc3 c4 10.e3 h6 11.Bxf6 Qxf6 12.b3 cxb3 13.Qxb3 Qd6 14.Bd3 Nc6 15.O-O b6
16.Rfc1 Bb7 17.Rc3 Rfc8 18.Rac1 Ne7 19.Ne5 Rxc3 20.Rxc3 f6 21.Ng6 Nxg6 22.Bxg6 Rc8
23.h4 Rxc3 24.Qxc3 Kf8 25.h5 Bc6 26.Bd3 Be8 27.Be2 Qc6 28.Qb4+ Kf7 29.Bd3 a5
30.Bg6+ Ke6 31.Qf8 Qc1+ 32.Kh2 Qc7+ 33.g3 Bxg6 34.hxg6 h5 35.Kg2 Qe7 36.Qg8+ Kd6
37.Qb8+ Kc6 38.Qa8+ Kd6 39.Qb8+ Qc7 40.Qf8+ Kc6 41.a4 Qd7 42.Qa8+ Kd6 43.Qb8+ Qc7
44.Qf8+ Ke6 45.Qg8+ Kd6 46.Qf8+ Kc6 47.Qe8+ Qd7 48.Qa8+ Qb7 49.Qe8+  1/2-1/2

[Event "Synthesia Rapid Open"]
[Site "Pardubice CZE"]
[Date "2007.07.19"]
[Round "7"]
[White "Movsesian,S"]
[Black "Iskusnyh,S"]
[Result "1-0"]
[WhiteElo "2667"]
[BlackElo "2488"]

1.Nf3 c5 2.e4 d6 3.Nc3 Nc6 4.Bb5 e5 5.O-O Be7 6.a3 Nf6 7.b4 cxb4 8.axb4 O-O
9.Bxc6 bxc6 10.d4 Bg4 11.Be3 Nd7 12.d5 cxd5 13.Nxd5 f5 14.exf5 Bxf5 15.Bxa7 Be4
16.Nxe7+ Qxe7 17.Nd2 Bb7 18.Be3 d5 19.Rxa8 Bxa8 20.c3 d4 21.cxd4 exd4 22.Qb3+ Kh8
23.Bxd4 Rb8 24.Rb1 Nf6 25.Bxf6 gxf6 26.Qe3 Qd6 27.Qg3 Qd8 28.Nf1 Qb6 29.Qf4 Rd8
30.Rc1 Qe6 31.h3 Bb7 32.Ng3 Rf8 33.Kh2 Qd5 34.f3 Qe6 35.Rc7  1-0

[Event "Synthesia Rapid Open"]
[Site "Pardubice CZE"]
[Date "2007.07.19"]
[Round "8"]
[White "Jakubiec,A"]
[Black "Movsesian,S"]
[Result "0-1"]
[WhiteElo "2541"]
[BlackElo "2667"]

1.e4 c5 2.Nf3 Nc6 3.c3 Qa5 4.Na3 e6 5.Nc4 Qc7 6.d4 cxd4 7.cxd4 d5 8.exd5 exd5
9.Ne3 Nf6 10.Bd3 Bd6 11.O-O O-O 12.a3 h6 13.b4 Be6 14.Bb2 a6 15.Rc1 Rac8
16.h3 Kh8 17.Nh4 Rfd8 18.Nhf5 Bf8 19.Qf3 Nh7 20.Ng4 Qb6 21.Rc5 Re8 22.Qg3 Rcd8
23.Nge3 Nf6 24.Qh4 Ng8 25.Qg3 Qa7 26.Rd1 g6 27.Nh4 Qb8 28.Qf3 Be7 29.g3 Bxc5
30.dxc5+ d4 31.Qg2 Kh7 32.Nc4 Bd5 33.f3 Bxc4 34.Bxc4 Rd7 35.f4 Nf6 36.Nf3 Re3
37.Bd3 Qe8 38.Bc1 Ree7 39.f5 g5 40.Kh2 Kg7 41.Bb2 Qd8 42.Qf2 Ne5 43.Nxe5 Rxe5
44.Bc4 Ne4 45.Qg1 Nc3 46.Rd2 Kf8 47.g4 Re3 48.Qf1 Qc7+ 49.Kh1 Ne4  0-1

[Event "Synthesia Rapid Open"]
[Site "Pardubice CZE"]
[Date "2007.07.19"]
[Round "9"]
[White "Movsesian,S"]
[Black "Korobov,A"]
[Result "1-0"]
[WhiteElo "2667"]
[BlackElo "2530"]

1.e4 e6 2.d4 d5 3.e5 c5 4.c3 Nc6 5.Nf3 Bd7 6.Be2 Nge7 7.Na3 Ng6 8.h4 cxd4
9.cxd4 Bb4+ 10.Kf1 h6 11.Nc2 Ba5 12.Bd3 Bb6 13.Rh3 f5 14.exf6 Qxf6 15.Bg5 Qf7
16.h5 Nf4 17.Bxf4 Qxf4 18.Bg6+ Ke7 19.Rh4 Qd6 20.Bd3 Raf8 21.Bb5 Kd8 22.Bxc6 Bxc6
23.Ne5 Rf5 24.Ng6 Qg3 25.f4 Rhf8 26.Kg1 Rxf4 27.Rxf4 Rxf4 28.Nxf4 Qxf4 29.Qd3 Bc7
30.g3 Qg4 31.Kg2 Be8 32.Qf3 Qxf3+ 33.Kxf3 Bxh5+ 34.g4 Bg6 35.Ne1 Bb6 36.Rd1 Ke7
37.Ke2 h5 38.gxh5 Bxh5+ 39.Nf3 Kf6 40.Kd3 g5 41.Rf1 Bg6+ 42.Ke3 Bf5 43.Rg1 g4
44.Ne5 Kg5 45.Rc1 Ba5 46.a3 b5 47.b4 Bb6 48.Rc8 Kf6 49.Nd7+ Kg5 50.Rg8+ Kh4
51.Nxb6 axb6 52.Kf2 Be4 53.Rh8+ Kg5 54.Kg3 e5 55.dxe5 Kf5 56.Rh5+ Kg6  1-0

[Event "IX EICC"]
[Site "Plovdiv BUL"]
[Date "2008.04.22"]
[Round "2"]
[White "Maletin,P"]
[Black "Movsesian,S"]
[Result "0-1"]
[WhiteElo "2574"]
[BlackElo "2695"]

1.d4 d5 2.c4 c6 3.Nf3 Nf6 4.Nc3 a6 5.c5 Nbd7 6.g3 g6 7.Bg2 Bg7 8.O-O O-O
9.Qc2 Re8 10.Rd1 b6 11.cxb6 Qxb6 12.Bf4 a5 13.Rac1 Ba6 14.Ne5 Rac8 15.e4 e6
16.Be3 Qb7 17.Nxd7 Nxd7 18.Qd2 Bf8 19.Rc2 f5 20.e5 Qb4 21.Qc1 a4 22.h4 Bc4
23.h5 c5 24.hxg6 hxg6 25.g4 fxg4 26.Ne4 Bxa2 27.dxc5 Bb3 28.c6 Nxe5 29.Nf6+ Kf7
30.Rd4 Qb5 31.Rc3 Kxf6 32.Rf4+ Kg7 33.Bd4 Kg8 34.Bxe5 Qe2 35.Re3 Qd1+ 36.Qxd1 Bxd1
37.Rf6 Bc2 38.Rxe6 Rxe6 39.Bxd5 Rxc6 40.Rc3 Bb3  0-1

[Event "IX EICC"]
[Site "Plovdiv BUL"]
[Date "2008.04.23"]
[Round "3"]
[White "Movsesian,S"]
[Black "Stocek,J"]
[Result "1-0"]
[WhiteElo "2695"]
[BlackElo "2584"]

1.e4 e5 2.Nf3 Nc6 3.Bc4 Bc5 4.c3 Nf6 5.d3 d6 6.Bb3 a6 7.O-O O-O 8.Re1 Ba7
9.h3 h6 10.Nbd2 Re8 11.Nf1 Be6 12.Bc2 d5 13.Bd2 Qd7 14.N3h2 Rad8 15.Qf3 Qe7
16.Rad1 Rd6 17.Ng3 dxe4 18.dxe4 Red8 19.Bc1 Rxd1 20.Bxd1 Nb8 21.Bc2 Nbd7
22.Nhf1 c6 23.Nf5 Bxf5 24.Qxf5 Nc5 25.Qf3 Ne6 26.Ng3 Ng5 27.Qe2 Qc7 28.Nf5 Bc5
29.h4 Ne6 30.b4 Bf8 31.Qf3 Ne8 32.Bb3 c5 33.bxc5 Nxc5 34.Bd5 Ne6 35.c4 Nd6
36.Nxd6 Rxd6 37.Be3 Nd8 38.Qg3 Rf6 39.Rf1 Ne6 40.Rb1 Nd8 41.Rb2 Ba3 42.Rc2 Be7
43.Rb2 Ba3 44.Bxh6 Rxh6 45.Qxa3 Rxh4 46.Qe3 Rh6 47.Rb3 Qe7 48.Rb6 Nc6 49.Bxc6 Rxc6
50.Rxc6 bxc6 51.Qb6 Qd6 52.g3 g5 53.Qxa6 Qd1+ 54.Kg2 g4 55.Qxc6 Qf3+ 56.Kg1 Qd1+
57.Kh2 Qe2 58.Qe8+  1-0

[Event "IX EICC"]
[Site "Plovdiv BUL"]
[Date "2008.04.26"]
[Round "6"]
[White "Movsesian,S"]
[Black "Werle,J"]
[Result "1-0"]
[WhiteElo "2695"]
[BlackElo "2581"]

1.e4 e5 2.Nf3 Nc6 3.Bc4 Bc5 4.c3 Nf6 5.d3 d6 6.Bb3 h6 7.O-O g5 8.Be3 Bb6
9.Nbd2 Ne7 10.a4 Ng6 11.d4 g4 12.Ne1 c6 13.Nd3 d5 14.Nxe5 Nxe5 15.dxe5 Nxe4
16.Nxe4 dxe4 17.Qxd8+ Bxd8 18.Rfe1 Bf5 19.Bc2 Be7 20.a5 c5 21.Rad1 h5 22.Ba4+ Kf8
23.Bd7 Bg6 24.Rd5 Rd8 25.Red1 b6 26.a6 Kg7 27.Kf1 Rb8 28.c4 f5 29.Bf4 Rbd8
30.e6 Bf6 31.Bc7 Rdg8 32.Bb5 Rh7 33.Rd7+ Kh8 34.Rxh7+ Kxh7 35.Rd7+ Rg7 36.Bxb6  1-0

[Event "GMA"]
[Site "Sarajevo BIH"]
[Date "2008.05.30"]
[Round "7"]
[White "Sokolov,Iv NED"]
[Black "Movsesian,S"]
[Result "0-1"]
[WhiteElo "2690"]
[BlackElo "2695"]

1.d4 d5 2.c4 c6 3.Nf3 Nf6 4.Nc3 a6 5.Ne5 Nbd7 6.Bf4 dxc4 7.Nxc4 b5 8.Ne5 Bb7
9.e3 e6 10.Qf3 Ra7 11.Bd3 c5 12.Qh3 Be7 13.Rd1 cxd4 14.exd4 Nb6 15.O-O b4
16.Ne2 O-O 17.Ng4 g6 18.Nh6+ Kg7 19.Be5 Nd5 20.f4 Bd6 21.Ng3 Bc6 22.f5 Bxe5
23.dxe5 Ng8 24.f6+ Kh8 25.Ng4 Qb6+ 26.Kh1 Ne3 27.Nxe3 Qxe3 28.Rfe1 Qg5 29.Nf1 Rd7
30.Qg3 Qxg3 31.hxg3 Rfd8 32.Be2 h5 33.Rxd7 Rxd7 34.Bxa6 Bd5 35.Ne3 Bxa2 36.Rd1 Ra7
37.Rd6 Rc7 38.Bd3 Nh6 39.Ra6 Rc1+ 40.Kh2 Re1 41.Bxg6 fxg6 42.Ra8+ Kh7 43.Ra7+ Kg8
44.Ra8+ Kf7 45.Ra7+ Ke8 46.Ra8+ Kd7 47.Ra7+ Kd8 48.Ra8+ Kc7 49.Ra7+ Kb6 50.Rh7 Rxe3
51.Rxh6 Rxe5 52.Rxg6 Rf5 53.g4 hxg4 54.Kg3 Bd5 55.Kxg4 Bxg2  0-1

[Event "TCh-BIH"]
[Site "Neum BIH"]
[Date "2008.06.05"]
[Round "2"]
[White "Movsesian,S"]
[Black "Ilincic,Z"]
[Result "1/2-1/2"]
[WhiteElo "2695"]
[BlackElo "2548"]

1.e4 e5 2.Nf3 Nc6 3.Bb5 a6 4.Ba4 Nf6 5.O-O Be7 6.Re1 b5 7.Bb3 O-O 8.h3 a5
9.d3 a4 10.Bd5 Nxd5 11.exd5 Nb4 12.Nc3 Bb7 13.Nxe5 d6 14.Nf3 Bf6 15.Nxb5 Bxd5
16.Nh2 a3 17.c3 axb2 18.Bxb2 c6 19.Qd2 Nxa2 20.c4 cxb5 21.cxd5 Qa5 22.Qxa5 Rxa5
23.Bxf6 gxf6 24.Ng4 Kg7 25.Ne3 Kg6 26.Reb1 Rc8 27.Kh2 Rc3 28.Rb2 Rca3 29.g4 Nc3
30.Rxa3 Rxa3 31.Kg2 Ra4 32.Rb3 b4 33.Rb2 f5 34.Nxf5 Nxd5 35.Kf3 Kf6 36.Ke4 Nc3+
37.Kd4 Nd1 38.Rb3 Nxf2 39.Nxd6 Ra3 40.Rxb4 Rxd3+ 41.Kc5 Nxh3 42.Rb6 Nf4 43.g5+ Ke6
44.Nxf7+ Kxf7 45.Rf6+ Kg7 46.Rxf4 Kg6 47.Rg4 Kf5 48.Rg1 Rd7 49.Kc4 Rg7 50.Kd3 h5
51.Ke3 h4 52.Kf3 Rxg5 53.Rxg5+ Kxg5  1/2-1/2

[Event "TCh-BIH"]
[Site "Neum BIH"]
[Date "2008.06.06"]
[Round "3"]
[White "Movsesian,S"]
[Black "Jankovic,A"]
[Result "1/2-1/2"]
[WhiteElo "2695"]
[BlackElo "2528"]

1.e4 c5 2.Nf3 d6 3.d4 cxd4 4.Nxd4 Nf6 5.Nc3 Nc6 6.Bc4 Qb6 7.Nb3 e6 8.Bf4 Ne5
9.Be2 Bd7 10.g4 Bc6 11.f3 Ng6 12.Bg3 d5 13.Bf2 Qd8 14.g5 Nh5 15.exd5 exd5
16.Qd2 Bd6 17.Qe3+ Ne7 18.Qd4 Bf4 19.Bd3 Qc8 20.Be3 Nf5 21.Bxf5 Qxf5 22.Bxf4 Qxf4
23.Qxf4 Nxf4 24.O-O-O h6 25.h4 O-O-O 26.Nd4 hxg5 27.hxg5 Nh3 28.f4 Nxf4 29.Rhf1 Ne6
30.Rxf7 Rd7 31.Rf5 Nxd4 32.Rxd4 Rh1+ 33.Rd1 Rxd1+ 34.Nxd1 Re7 35.Kd2 Kd7
36.Nf2 Kd6 37.Nd3 Bb5 38.Nf4 Re5 39.Rf7 Rxg5 40.Rxb7 a6 41.Rb6+ Ke5 42.Nd3+ Bxd3
43.Kxd3 Rg3+ 44.Kd2 a5 45.Ra6 Rg2+ 46.Kd3 Rg3+  1/2-1/2

[Event "TCh-BIH"]
[Site "Neum BIH"]
[Date "2008.06.10"]
[Round "7"]
[White "Movsesian,S"]
[Black "Kozul,Z"]
[Result "1-0"]
[WhiteElo "2695"]
[BlackElo "2583"]

1.e4 c5 2.Nf3 d6 3.d4 cxd4 4.Nxd4 Nf6 5.Nc3 Nc6 6.h3 e6 7.g4 a6 8.Be3 Be7
9.Qe2 Qc7 10.f4 Nd7 11.O-O-O O-O 12.Bg2 Na5 13.g5 Re8 14.h4 b5 15.g6 hxg6
16.h5 g5 17.fxg5 b4 18.Nb1 Nc4 19.g6 Nxe3 20.Qxe3 Qc5 21.Nd2 Bg5 22.Qg1 Ne5
23.Kb1 Ra7 24.N2f3 Nxf3 25.Bxf3 Bh6 26.e5 dxe5 27.Nc6 Qxg1 28.Rhxg1 Rc7 29.gxf7+ Rxf7
30.Nxe5 Rc7 31.Bc6 Rf8 32.Ng6 a5 33.Ba4 Ba6 34.Nxf8 Kxf8 35.Rde1 Re7 36.Bb3 Bc8
37.Re5 Ra7 38.Rge1 Ra6 39.Rc5 Bd7 40.Bc4 Ra7 41.Bxe6 Bxe6 42.Rc6 Bg5 43.Rcxe6 Kf7
44.R6e5 Bf6 45.Rb5 Kg8 46.a3 bxa3 47.bxa3 Rc7 48.Re4 Bc3 49.Ka2 Bf6 50.c4  1-0

[Event "Tal Memorial Blitz"]
[Site "Moscow RUS"]
[Date "2008.08.30"]
[Round "18"]
[White "Movsesian,S"]
[Black "Tkachiev,V"]
[Result "0-1"]
[WhiteElo "2723"]
[BlackElo "2664"]

1.e4 e5 2.Nf3 Nc6 3.Bc4 Bc5 4.c3 Nf6 5.d3 d6 6.O-O a6 7.Bb3 h6 8.Re1 O-O
9.h3 Be6 10.Bc2 d5 11.Nbd2 dxe4 12.dxe4 Qe7 13.Nh2 Rad8 14.Qf3 Nh7 15.Ndf1 Kh8
16.b4 Bb6 17.a4 Qh4 18.Be3 Ng5 19.Qe2 Bxe3 20.Qxe3 Qf4 21.Qc5 Rd6 22.b5 Ne7
23.Qxc7 Rd7 24.Qb6 axb5 25.axb5 Ng6 26.Rad1 Rxd1 27.Rxd1 Rc8 28.Rd8+ Rxd8
29.Qxd8+ Kh7 30.Qd3 Qc1 31.Qd2 Qa1 32.Ng4 Nf4 33.Ne3 Nfxh3+ 34.Kh2 Nf4 35.Ng3 Nxg2
36.Bd1 Nh4 37.Qd3 Nhf3+ 38.Kh1 Bh3 39.Ne2 Qc1 40.Ng1 Bg2+ 41.Kxg2 Ne1+  0-1

[Event "TCh-ESP Hon Gp2"]
[Site "Sabadell ESP"]
[Date "2008.09.04"]
[Round "2"]
[White "Movsesian,S"]
[Black "Gashimov,V"]
[Result "1-0"]
[WhiteElo "2723"]
[BlackElo "2717"]

1.e4 e5 2.Bc4 Nf6 3.d3 c6 4.Nf3 d5 5.Bb3 a5 6.a4 Bg4 7.h3 Bxf3 8.Qxf3 dxe4
9.dxe4 Nbd7 10.c3 Be7 11.O-O O-O 12.Nd2 Nc5 13.Bc2 Qc7 14.Nc4 Ne6 15.Re1 Rfd8
16.Qg3 Nd7 17.h4 Bf8 18.h5 g6 19.Qh4 Bg7 20.g3 Bf6 21.Qh3 Ndc5 22.hxg6 hxg6
23.Bh6 Qe7 24.Kg2 Ng5 25.Qg4 Qe6 26.Qxe6 Ngxe6 27.Be3 Nd7 28.Red1 Be7 29.f4 Bc5
30.f5 Nef8 31.Bg5 f6 32.Bh6 Kf7 33.Bb3 Ke7 34.Rh1 g5 35.Bg7 Ke8 36.Rad1 Ke7
37.Kf3 b5 38.Ne3 Bxe3 39.Kxe3 Nc5 40.Bxf8+ Kxf8 41.Rh8+ Ke7 42.Rh7+ Ke8 43.Rdh1 Rd3+
44.Ke2 Rad8 45.Rg7 Rd2+ 46.Kf3 R8d3+ 47.Kg4 Kf8 48.Rg8+  1-0

[Event "24th ECC"]
[Site "Kallithea GRE"]
[Date "2008.10.17"]
[Round "1"]
[White "Ris,R"]
[Black "Movsesian,S"]
[Result "0-1"]
[WhiteElo "2417"]
[BlackElo "2732"]

1.e4 c5 2.Nf3 e6 3.d4 cxd4 4.Nxd4 a6 5.Bd3 Qb6 6.Nb3 Qc7 7.Qe2 d6 8.O-O Nf6
9.f4 g6 10.a4 Bg7 11.a5 O-O 12.Bd2 Nc6 13.Nc3 b5 14.axb6 Qxb6+ 15.Be3 Qb8
16.Bxa6 Bxa6 17.Rxa6 Rxa6 18.Qxa6 Ng4 19.Qe2 Nxe3 20.Qxe3 Rc8 21.Qd2 Nb4
22.Rd1 d5 23.e5 f6 24.exf6 Bxf6 25.Nd4 Bxd4+ 26.Qxd4 Nxc2 27.Qf6 Qb6+ 28.Kh1 Ne3
29.Re1 d4 30.Ne4 Rf8 31.Qe5 Rf5 32.Nf6+ Kf7 33.Nd7 Qb4 34.Rxe3 dxe3 35.Qxe3 Qxf4  0-1

[Event "24th ECC"]
[Site "Kallithea GRE"]
[Date "2008.10.21"]
[Round "5"]
[White "Socko,B"]
[Black "Movsesian,S"]
[Result "1/2-1/2"]
[WhiteElo "2631"]
[BlackElo "2732"]

1.e4 c5 2.Nf3 d6 3.d4 cxd4 4.Nxd4 Nf6 5.Nc3 e6 6.Be3 Nc6 7.f3 Be7 8.Qd2 O-O
9.O-O-O d5 10.exd5 Nxd5 11.Nxd5 Qxd5 12.c4 Qd6 13.Nxc6 Qxc6 14.Bd3 e5 15.Qc2 f5
16.Rhe1 Be6 17.Bf2 Bd6 18.Kb1 Rae8 19.g4 e4 20.fxe4 fxg4 21.e5 Bb4 22.Bxh7+ Kh8
23.Re2 Bxc4 24.Bd3 Bd5 25.Qxc6 bxc6 26.Rc1 Bf3 27.Rec2 Rxe5 28.a3 Rd8 29.Bg3 Re3
30.axb4 Rexd3 31.Rc4 Re8 32.b5 cxb5 33.Rc8 Re3 34.Bf2 Re7 35.Rxe8+ Rxe8 36.Bxa7 b4
37.b3 Re2 38.Bb8 Bd5 39.Rg1 Be6 40.Bd6 Re4 41.Kc2 Bf5 42.Kc1 Kh7 43.Rf1 Kg6
44.Rf4 Re6 45.Bxb4 Re2 46.Bd6 Rc2+ 47.Kd1 Rxh2 48.Rb4 Ra2 49.Be5 Be6 50.Rb7 Kf5
51.Bxg7 g3 52.Rb5+ Kg6 53.Bd4 g2 54.Rb7 Bg4+ 55.Kc1 Re2 56.Ba7 Ra2 57.Bd4 Kf5
58.Re7 Kf4 59.b4 Ra4 60.Kd2 Rxb4 61.Be3+ Kg3 62.Rf7 Rb2+ 63.Kc3 Re2 64.Bd4 Be6
65.Re7 Kf3 66.Bb6 Re1 67.Rg7 Rc1+ 68.Kd2 Rc6 69.Bg1 Bf5 70.Rf7 Rd6+ 71.Kc3 Rd1
72.Ba7 Kf4 73.Rg7 Rc1+ 74.Kb4 Bg4 75.Rf7+ Ke4 76.Rg7 g1=Q 77.Bxg1 Rxg1 78.Kc5 Ke5
79.Rg5+ Kf4 80.Rg7 Rc1+ 81.Kd4 Be6 82.Re7 Rd1+ 83.Kc3 Rd6 84.Rh7 Ke3 85.Rh4 Rb6
86.Rh6 Rc6+ 87.Kb4 Kd4 88.Rh4+ Kd5 89.Rh5+ Kd6 90.Rh4 Rb6+ 91.Kc3 Rb3+ 92.Kd2 Bd5
93.Rh8 Ke5 94.Re8+ Kd4 95.Rd8 Rb2+ 96.Kc1 Rh2 97.Kd1 Ke4 98.Kc1 Rg2 99.Rd7 Kd4
100.Kd1 Ke4 101.Kc1 Bc4 102.Rd2 Be2 103.Kb2 Ke3 104.Kc3 Rg8 105.Rd7 Rc8+
106.Kb4 Bf3 107.Rd6 Ke4 108.Rd7 Ke5 109.Rh7 Kd4 110.Rh4+ Be4 111.Rg4 Rb8+
112.Ka4 Kd5 113.Ka3 Bd3 114.Rb4 Ra8+ 115.Kb3 Ra1 116.Rh4 Be4 117.Kb4 Kd4
118.Rg4 Rh1 119.Ka4 Kd5 120.Kb3 Bf5 121.Rg5 Rf1 122.Kc3 Kc5 123.Rg3 Rf2 124.Re3 Rc2+
125.Kb3 Kd4 126.Rf3 Rc5 127.Kb4 Be4 128.Rf4  1/2-1/2

[Event "Rapid"]
[Site "Hustopece CZE"]
[Date "2009.06.06"]
[Round "1"]
[White "Movsesian,S"]
[Black "Mudra,T"]
[Result "1-0"]
[WhiteElo "2747"]
[BlackElo "2150"]

1.e4 c5 2.Nf3 d6 3.Nc3 Nc6 4.Bb5 Bd7 5.Bxc6 Bxc6 6.d4 cxd4 7.Qxd4 Nf6 8.Bg5 Nd7
9.O-O-O Qb6 10.Qd2 g6 11.Be3 Qa5 12.Bd4 Rg8 13.Kb1 O-O-O 14.h4 Kb8 15.Ng5 Bh6
16.f4 f6 17.Nf7 Bg7 18.Nxd8 Rxd8 19.h5 gxh5 20.Nd5 Qxd2 21.Rxd2 e6 22.Nc3 Bh6
23.Be3 Nf8 24.Rxh5 Bg7 25.a4 a6 26.Bb6 Rd7 27.f5 Bh8 28.b4 Rg7 29.Rxd6 Bd7
30.g4 Kc8 31.b5 Rxg4 32.fxe6 Nxe6 33.Rxh7 Bg7 34.Nd5 Rxe4 35.Ne7+  1-0